| 000 | 00731nam a2200241Ia 4500 | ||
|---|---|---|---|
| 008 | 160803s9999 xx 000 0 und d | ||
| 020 | _a0 439254043 | ||
| 100 | _aAardema, Verna | ||
| 245 | _aAnansi does the impossible! : | ||
| 245 | _ban Ashanti tale / | ||
| 245 | _cretold by Verna Aardema ; illustrated by Lisa Desimini. | ||
| 260 | _aNew York : | ||
| 260 | _bScholastic Inc. | ||
| 260 | _c1987 | ||
| 300 | _a[28] unnumbered pages : | ||
| 300 | _bcolor illustrations ; | ||
| 300 | _c27 cm. | ||
| 500 | _aOriginally published: New York : Atheneum Books for Young Readers, 1997. | ||
| 650 | _aAnansi (Legendary character) -- | ||
| 650 | _aFolklore -- Africa, West. | ||
| 650 | _xLegends. | ||
| 700 | _a630 | ||
| 999 |
_c299503 _d299503 |
||